[Event "ROM-chT div-A"]
[Site "Predeal"]
[Date "2006.11.08"]
[Round "5"]
[White "Aldea, Laurentiu Ioan"]
[Black "Ocnarescu, Victor"]
[Result "1-0"]
[WhiteElo "2389"]
[BlackElo "2195"]
[PlyCount "83"]
[EventDate "2006.11.04"]
[EventType "team"]
[EventRounds "9"]
[EventCountry "ROU"]
[SourceTitle "EXT 2007"]
[Source "ChessBase"]
[SourceDate "2006.11.23"]
[SourceVersion "1"]
[SourceVersionDate "2006.11.23"]
[SourceQuality "1"]

1. e4 c5 2. Nf3 d6 3. d4 cxd4 4. Nxd4 Nf6 5. Nc3 g6 6. Be3 Bg7 7. f3 Nc6 8. Qd2 0-0 9. 0-0-0 d5 10. exd5 Nxd5 11. Nxc6 bxc6 12. Bd4 e5 13. Bc5 Be6 14. Ne4 Re8 15. h4 h6 16. g4 Qc7 17. g5 h5 18. Bc4 Rad8 19. Qf2 Nf4 20. Bxe6 Nxe6 21. Bd6 Qa5 22. a3 Rd7 23. Bb4 Rxd1+ 24. Rxd1 Qc7 25. Bc5 a6 26. Bb6 Qe7 27. Bc5 Qc7 28. Rd6 Rc8 29. Bb6 Qe7 30. Qd2 Qb7 31. Ba5 Rb8 32. b3 Bf8 33. Rd7 Bxa3+ 34. Kb1 Qb5 35. Bc3 Bf8 36. Nf6+ Kh8 37. Rxf7 Rb7 38. Rxb7 Qxb7 39. Bxe5 Bg7 40. Qd6 Qc8 41. f4 Bf8 42. Nd7+ 1-0

[Event "ROM-chT div-A"]
[Site "Predeal"]
[Date "2006.11.06"]
[Round "3"]
[White "Aldea, Laurentiu Ioan"]
[Black "Valeanu, Eduard Andrei"]
[Result "0-1"]
[WhiteElo "2389"]
[BlackElo "2361"]
[PlyCount "94"]
[EventDate "2006.11.04"]
[EventType "team"]
[EventRounds "9"]
[EventCountry "ROU"]
[SourceTitle "EXT 2007"]
[Source "ChessBase"]
[SourceDate "2006.11.23"]
[SourceVersion "1"]
[SourceVersionDate "2006.11.23"]
[SourceQuality "1"]

1. e4 c5 2. Nf3 Nc6 3. d4 cxd4 4. Nxd4 Nf6 5. Nc3 d6 6. Bg5 e6 7. Qd2 a6 8. 0-0-0 Bd7 9. f4 b5 10. Bxf6 gxf6 11. f5 Nxd4 12. Qxd4 Bh6+ 13. Kb1 Bf4 14. Ne2 Be5 15. Qd2 Qb6 16. fxe6 fxe6 17. Nf4 Ke7 18. Nd3 Qd4 19. Be2 b4 20. Qxb4 Qxb4 21. Nxb4 Rab8 22. Nd3 Rxb2+ 23. Nxb2 Rb8 24. Bxa6 Rxb2+ 25. Kc1 Rxa2 26. Bc4 Ra4 27. Bb3 Rxe4 28. g3 Bb5 29. Rhe1 Rg4 30. Re3 h5 31. c3 h4 32. Rg1 Bf4 33. Kd2 Bxe3+ 34. Kxe3 f5 35. Kf2 Ba4 36. Ba2 hxg3+ 37. hxg3 d5 38. Rb1 Bc6 39. Bb3 Kd6 40. Rh1 Rg8 41. Rh4 Rb8 42. Bd1 Rb1 43. Be2 Ke5 44. Ke3 Rc1 45. c4 Rc3+ 46. Bd3 dxc4 47. Rxc4 Rxd3+ 0-1

[Event "Eger Agria op"]
[Site "Eger"]
[Date "2004.07.17"]
[Round "1"]
[White "Bubenko, Jozsef"]
[Black "Aldea, Laurentiu Ioan"]
[Result "0-1"]
[WhiteElo "2050"]
[BlackElo "2378"]
[PlyCount "47"]
[EventDate "2004.07.17"]
[EventType "swiss"]
[EventRounds "9"]
[EventCountry "HUN"]
[SourceTitle "EXT 2008"]
[Source "ChessBase"]
[SourceDate "2007.11.25"]
[SourceVersion "1"]
[SourceVersionDate "2007.11.25"]
[SourceQuality "1"]

1. d4 Nf6 2. c4 g6 3. f3 Bg7 4. e4 d6 5. Be3 0-0 6. Nc3 a6 7. Qd2 Nc6 8. Nge2 Rb8 9. a4 a5 10. Nc1 Nd7 11. Be2 e5 12. d5 Nb4 13. Nd3 Na6 14. 0-0 f5 15. f4 Nac5 16. exf5 Nb3 17. Qd1 Nxa1 18. fxg6 hxg6 19. Qxa1 Qe7 20. Qd1 exf4 21. Bxf4 Nb6 22. Re1 Qf6 23. c5 Nc4 24. cxd6 0-1

[Event "Bucharest Winter Cup"]
[Site "Bucharest"]
[Date "2002.12.12"]
[Round "12"]
[White "Diulger, Alexey"]
[Black "Aldea, Laurentiu Ioan"]
[Result "1/2-1/2"]
[WhiteElo "2326"]
[BlackElo "2296"]
[PlyCount "35"]
[EventDate "2002.12.01"]
[EventType "tourn"]
[EventRounds "13"]
[EventCountry "ROU"]
[EventCategory "3"]
[SourceTitle "CBM 091 Extra"]
[Source "ChessBase"]
[SourceDate "2003.01.09"]
[SourceVersion "1"]
[SourceVersionDate "2003.01.09"]
[SourceQuality "1"]

1. d4 Nf6 2. Nf3 g6 3. c4 Bg7 4. Nc3 d6 5. e4 0-0 6. Be2 e5 7. d5 a5 8. Bg5 h6 9. Bh4 Na6 10. Nd2 Qe8 11. 0-0 Nh7 12. a3 Bd7 13. b4 axb4 14. axb4 Nxb4 15. Qb3 Na6 16. Qxb7 Qc8 17. Rfb1 Bf6 18. Bxf6 1/2-1/2

[Event "Bucharest Winter Cup"]
[Site "Bucharest"]
[Date "2002.12.09"]
[Round "9"]
[White "Aldea, Laurentiu Ioan"]
[Black "Manea, Alexandru"]
[Result "1-0"]
[WhiteElo "2296"]
[BlackElo "2307"]
[PlyCount "157"]
[EventDate "2002.12.01"]
[EventType "tourn"]
[EventRounds "13"]
[EventCountry "ROU"]
[EventCategory "3"]
[SourceTitle "CBM 091 Extra"]
[Source "ChessBase"]
[SourceDate "2003.01.09"]
[SourceVersion "1"]
[SourceVersionDate "2003.01.09"]
[SourceQuality "1"]

1. e4 e5 2. Nf3 Nc6 3. Bb5 a6 4. Bxc6 bxc6 5. 0-0 d6 6. d4 exd4 7. Qxd4 c5 8. Qd3 Be7 9. Re1 Be6 10. Nc3 Nf6 11. Nd5 Bxd5 12. exd5 0-0 13. Nd2 Re8 14. Nc4 Qd7 15. Bd2 Qg4 16. Bc3 Qg5 17. Rad1 Bf8 18. Qf3 Rxe1+ 19. Bxe1 Re8 20. Bc3 Ne4 21. Ba5 g6 22. g3 Qe7 23. Re1 f5 24. Qd3 Qd7 25. f3 Nf6 26. Rxe8 Nxe8 27. b3 Kf7 28. a4 Bg7 29. Bc3 Bxc3 30. Qxc3 Nf6 31. Qd3 Qe8 32. Kf2 Qa8 33. Ne3 Qb7 34. Qc4 Qb6 35. h3 Qb7 36. g4 fxg4 37. hxg4 Qc8 38. g5 Nh5 39. Ng4 Ke7 40. Qe4+ Kf8 41. a5 Qd8 42. f4 Qd7 43. Kf3 Qb5 44. f5 Qxa5 45. fxg6 Qc3+ 46. Ne3 hxg6 47. Qxg6 Ng7 48. Qh7 c4 49. bxc4 Qe5 50. Qh8+ Kf7 51. Qc8 Kg6 52. Qxc7 Nf5 53. Nxf5 Qxf5+ 54. Ke3 Qxg5+ 55. Kd3 Qg3+ 56. Kd2 Qf2+ 57. Kc3 Qe1+ 58. Kb3 Qb1+ 59. Ka3 Qa1+ 60. Kb4 Qb2+ 61. Ka5 Qa3+ 62. Kb6 a5 63. Qc6 a4 64. Ka5 Qc3+ 65. Kxa4 Qxc2+ 66. Ka5 Qa2+ 67. Kb6 Kf5 68. Kc7 Ke4 69. Kxd6 Qh2+ 70. Kd7 Qh7+ 71. Kc8 Qh8+ 72. Kc7 Qh2+ 73. d6+ Kd4 74. Qd5+ Kc3 75. Kc8 Qh8+ 76. Kb7 Qd8 77. d7 Kb4 78. Qd6+ Ka4 79. Qc7 1-0

[Event "Bucharest Winter Cup"]
[Site "Bucharest"]
[Date "2002.12.05"]
[Round "5"]
[White "Raceanu, Valentin"]
[Black "Aldea, Laurentiu Ioan"]
[Result "1-0"]
[WhiteElo "2339"]
[BlackElo "2296"]
[PlyCount "127"]
[EventDate "2002.12.01"]
[EventType "tourn"]
[EventRounds "13"]
[EventCountry "ROU"]
[EventCategory "3"]
[SourceTitle "CBM 091 Extra"]
[Source "ChessBase"]
[SourceDate "2003.01.09"]
[SourceVersion "1"]
[SourceVersionDate "2003.01.09"]
[SourceQuality "1"]

1. d4 Nf6 2. c4 g6 3. Nc3 Bg7 4. e4 d6 5. Be2 0-0 6. Bg5 Qe8 7. Qd2 e5 8. d5 Nh5 9. Bxh5 gxh5 10. Nge2 f5 11. f3 Qg6 12. Rg1 a6 13. exf5 Bxf5 14. 0-0-0 b5 15. g4 hxg4 16. fxg4 Bd7 17. Rde1 bxc4 18. Ng3 Qd3 19. Qg2 Qf3 20. Nf5 Qxg2 21. Rxg2 Bxf5 22. gxf5 Kh8 23. Rf1 Nd7 24. Rg4 Rf7 25. Rxc4 Rc8 26. Be3 Nf6 27. Rc6 Ng4 28. Bg1 Bh6+ 29. Kc2 Bf4 30. h3 Nh6 31. Rxa6 Nxf5 32. a4 Rg7 33. Ra5 Rg2+ 34. Kb1 Ng3 35. Rd1 e4 36. Bd4+ Kg8 37. Rb5 e3 38. Re1 e2 39. Kc2 Re8 40. Kd3 Rh2 41. a5 Rxh3 42. Kc2 Nf5 43. Rb4 Nxd4+ 44. Rxd4 Be5 45. Rxe2 Ra8 46. Ra4 Ra6 47. Ree4 Rh2+ 48. Kb3 Rd2 49. Rec4 Bxc3 50. Kxc3 Rxd5 51. b4 c6 52. Rd4 Rxd4 53. Kxd4 Kg7 54. Kc4 h5 55. b5 d5+ 56. Kc5 cxb5 57. Kxb5 Ra8 58. Rd4 Rh8 59. a6 Kf6 60. Rxd5 Ke6 61. Kc6 h4 62. a7 Kf6 63. Rb5 h3 64. Rb8 1-0

[Event "ROM-ch"]
[Site "Curtea de Arges"]
[Date "2002.11.23"]
[Round "1.1"]
[White "Bogdan, Dan"]
[Black "Aldea, Laurentiu Ioan"]
[Result "1-0"]
[WhiteElo "2412"]
[BlackElo "2296"]
[PlyCount "72"]
[EventDate "2002.12.07"]
[EventType "k.o."]
[EventRounds "5"]
[EventCountry "ROU"]
[SourceTitle "CBM 091 Extra"]
[Source "ChessBase"]
[SourceDate "2003.01.09"]
[SourceVersion "1"]
[SourceVersionDate "2003.01.09"]
[SourceQuality "1"]

1. c4 Nf6 2. g3 g6 3. Bg2 d6 4. Nc3 Bg7 5. e3 0-0 6. Nge2 Nbd7 7. 0-0 c6 8. h3 Qc7 9. Rb1 e5 10. d3 Rb8 11. b4 b5 12. cxb5 cxb5 13. e4 a6 14. Be3 Nb6 15. Qd2 Bb7 16. Rbc1 Qd8 17. f4 Nh5 18. f5 d5 19. Bc5 Nf6 20. Qe1 Re8 21. exd5 Nbxd5 22. Ne4 gxf5 23. Rxf5 Bc8 24. Rf2 Nxe4 25. dxe4 Nb6 26. Nc3 Be6 27. Kh2 Qg5 28. Rd1 Nc4 29. Nd5 Bxd5 30. Rxd5 Rbd8 31. Qd1 Rxd5 32. Qxd5 Qg6 33. h4 Qe6 34. Qb7 Qg6 35. Bh3 Rd8 36. Qe7 Rb8 1-0

[Event "ROM-chT"]
[Site "Romania"]
[Date "2002.??.??"]
[Round "1"]
[White "Berescu, Alin Mile"]
[Black "Aldea, Laurentiu Ioan"]
[Result "1/2-1/2"]
[WhiteElo "2439"]
[BlackElo "2264"]
[PlyCount "58"]
[EventDate "2002.??.??"]
[EventType "team"]
[EventRounds "5"]
[EventCountry "ROU"]
[SourceTitle "EXT 2008"]
[Source "ChessBase"]
[SourceDate "2007.11.25"]
[SourceVersion "1"]
[SourceVersionDate "2007.11.25"]
[SourceQuality "1"]

1. e4 c5 2. Nf3 d6 3. d4 cxd4 4. Nxd4 Nf6 5. f3 e5 6. Nb3 Be7 7. c4 Be6 8. Be3 0-0 9. Nc3 Ne8 10. Qd2 Nc7 11. Be2 Kh8 12. 0-0 g6 13. Rac1 f5 14. Nd5 Nxd5 15. cxd5 Bc8 16. Na5 Nd7 17. Bd3 Nf6 18. h3 f4 19. Bf2 g5 20. Qb4 h5 21. Nxb7 Bxb7 22. Qxb7 g4 23. Rc7 Rb8 24. Qxa7 Ra8 25. Qb6 Rg8 26. Kh1 gxf3 27. gxf3 Rb8 28. Qa7 Ra8 29. Qb7 Rb8 1/2-1/2

[Event "Bucharest Winter Cup"]
[Site "Bucharest"]
[Date "2001.12.14"]
[Round "4"]
[White "Aldea, Laurentiu Ioan"]
[Black "Tikhomirov, Sergei"]
[Result "1/2-1/2"]
[WhiteElo "2233"]
[BlackElo "2357"]
[PlyCount "25"]
[EventDate "2001.12.11"]
[EventType "tourn"]
[EventRounds "11"]
[EventCountry "ROU"]
[EventCategory "2"]
[SourceTitle "CBM 085 Extra"]
[Source "ChessBase"]
[SourceDate "2002.01.21"]
[SourceVersion "1"]
[SourceVersionDate "2002.01.21"]
[SourceQuality "1"]

1. e4 e5 2. Nf3 Nc6 3. Bb5 a6 4. Bxc6 dxc6 5. 0-0 f6 6. d4 Bg4 7. dxe5 Qxd1 8. Rxd1 fxe5 9. Rd3 Bxf3 10. gxf3 Bd6 11. Nd2 b5 12. f4 exf4 13. Nf3 1/2-1/2

[Event "Bucharest Winter Cup"]
[Site "Bucharest"]
[Date "2001.12.11"]
[Round "1"]
[White "Osman, Mihai"]
[Black "Aldea, Laurentiu Ioan"]
[Result "0-1"]
[WhiteElo "2138"]
[BlackElo "2233"]
[PlyCount "66"]
[EventDate "2001.12.11"]
[EventType "tourn"]
[EventRounds "11"]
[EventCountry "ROU"]
[EventCategory "2"]
[SourceTitle "CBM 085 Extra"]
[Source "ChessBase"]
[SourceDate "2002.01.21"]
[SourceVersion "1"]
[SourceVersionDate "2002.01.21"]
[SourceQuality "1"]

1. e4 c5 2. c4 Nc6 3. Nc3 d6 4. g3 g6 5. Bg2 Bg7 6. d3 e6 7. Nge2 Nge7 8. a3 0-0 9. Rb1 b6 10. b4 Bb7 11. 0-0 Qd7 12. h3 Nd4 13. Nxd4 cxd4 14. Ne2 Rac8 15. Bb2 e5 16. Bc1 f5 17. f3 b5 18. cxb5 Qxb5 19. Bg5 Qd7 20. Qb3+ Kh8 21. Rfc1 Ng8 22. b5 d5 23. b6 dxe4 24. fxe4 axb6 25. Qxb6 Ba8 26. Bd2 fxe4 27. dxe4 Nf6 28. Bb4 Rfe8 29. Rxc8 Rxc8 30. Re1 Bxe4 31. Bxe4 Nxe4 32. Nf4 exf4 33. Rxe4 fxg3 0-1

[Event "ROM Supercup"]
[Site "Romania"]
[Date "2001.??.??"]
[Round "?"]
[White "Aldea, Laurentiu Ioan"]
[Black "Amarita, Andrei"]
[Result "1-0"]
[WhiteElo "2230"]
[BlackElo "2060"]
[PlyCount "61"]
[EventDate "2001.??.??"]
[EventType "tourn"]
[EventRounds "11"]
[EventCountry "ROU"]
[SourceTitle "EXT 2008"]
[Source "ChessBase"]
[SourceDate "2007.11.25"]
[SourceVersion "1"]
[SourceVersionDate "2007.11.25"]
[SourceQuality "1"]

1. e4 e6 2. Qe2 Be7 3. Nf3 d5 4. d3 Nf6 5. g3 b6 6. e5 Nfd7 7. Bg2 c5 8. c4 Bb7 9. cxd5 Bxd5 10. Nc3 Bb7 11. 0-0 0-0 12. Bf4 Na6 13. Rfd1 Nb4 14. d4 Nd5 15. Ne4 Rc8 16. Bg5 Bxg5 17. Nfxg5 cxd4 18. Rxd4 Qe7 19. Nxh7 Kxh7 20. Qh5+ Kg8 21. Rxd5 Rfd8 22. Rxd7 Qxd7 23. Nf6+ gxf6 24. Qg4+ Kf8 25. exf6 Qd2 26. Qg7+ Ke8 27. Qg8+ Kd7 28. Qxf7+ Kd6 29. Qxb7 Rc2 30. Rf1 Ke5 31. Qg7 1-0

[Event "ROM-ch U18"]
[Site "Sovata"]
[Date "2001.??.??"]
[Round "?"]
[White "Aldea, Laurentiu Ioan"]
[Black "Barzanu, Iulian"]
[Result "1-0"]
[WhiteElo "2240"]
[BlackElo "2115"]
[PlyCount "129"]
[EventDate "2001.03.31"]
[EventType "tourn"]
[EventRounds "11"]
[EventCountry "ROU"]
[SourceTitle "EXT 2008"]
[Source "ChessBase"]
[SourceDate "2007.11.25"]
[SourceVersion "1"]
[SourceVersionDate "2007.11.25"]
[SourceQuality "1"]

1. e4 c5 2. Nc3 Nc6 3. f4 d6 4. Nf3 g6 5. Bc4 Bg7 6. 0-0 e6 7. d3 Nge7 8. Qe1 Nd4 9. Nxd4 cxd4 10. Ne2 d5 11. Bb5+ Bd7 12. Bxd7+ Qxd7 13. e5 Nc6 14. b4 b5 15. Bb2 a5 16. Nxd4 Bf8 17. Nxc6 Qxc6 18. c3 axb4 19. cxb4 Qc2 20. Qc3 Qxc3 21. Bxc3 Ra3 22. Rfc1 Kd7 23. Kf2 Bh6 24. g3 Rc8 25. Bb2 Rxc1 26. Bxc1 Rxd3 27. a4 bxa4 28. Rxa4 Rc3 29. Be3 Rc2+ 30. Kf3 Bf8 31. b5 Bc5 32. Bxc5 Rxc5 33. Ra7+ Kd8 34. Rxf7 Rxb5 35. Rxh7 Rb3+ 36. Ke2 Ke8 37. Rg7 Rb2+ 38. Ke3 Rxh2 39. Rxg6 Kf7 40. Rf6+ Ke7 41. g4 Rh4 42. Rg6 Kf7 43. Rf6+ Ke7 44. Kf3 Rh3+ 45. Kf2 Rh2+ 46. Ke3 Rh3+ 47. Kd4 Rg3 48. Rg6 Rf3 49. Rf6 Rg3 50. g5 Rg1 51. Rh6 Rg3 52. Rh7+ Kf8 53. Rh6 Kf7 54. Kc5 Rg4 55. Rf6+ Ke7 56. g6 Rg1 57. Rf7+ Ke8 58. f5 exf5 59. e6 Rxg6 60. Kd6 d4 61. Rh7 Kf8 62. Kd7 Kg8 63. Rh3 f4 64. e7 Rg7 65. Ke6 1-0

[Event "ROM-ch U18"]
[Site "Sovata"]
[Date "2001.??.??"]
[Round "?"]
[White "Aldea, Laurentiu Ioan"]
[Black "Raceanu, Valentin"]
[Result "1/2-1/2"]
[WhiteElo "2240"]
[BlackElo "2375"]
[PlyCount "92"]
[EventDate "2001.03.31"]
[EventType "tourn"]
[EventRounds "11"]
[EventCountry "ROU"]
[SourceTitle "EXT 2008"]
[Source "ChessBase"]
[SourceDate "2007.11.25"]
[SourceVersion "1"]
[SourceVersionDate "2007.11.25"]
[SourceQuality "1"]

1. e4 c5 2. Nf3 Nc6 3. d4 cxd4 4. Nxd4 Nf6 5. Nc3 d6 6. Bg5 e6 7. Qd2 a6 8. 0-0-0 Bd7 9. f4 b5 10. Bxf6 gxf6 11. f5 Nxd4 12. Qxd4 Bh6+ 13. Kb1 Bf4 14. Ne2 Be5 15. Qd2 Qb6 16. Nf4 Rc8 17. g3 Ke7 18. Nd3 Rc7 19. Bh3 h5 20. fxe6 fxe6 21. Nxe5 dxe5 22. Rhf1 b4 23. Rf3 Qc5 24. Rd3 Bc6 25. Rd8 Rh7 26. Bf1 a5 27. Ba6 Kf7 28. Qe2 Kg6 29. Bc4 Bd7 30. b3 a4 31. g4 h4 32. Qd2 Bc6 33. Bxe6 Bxe4 34. Bf5+ Bxf5 35. gxf5+ Kxf5 36. Rd6 Rhf7 37. Rf1+ Kg6 38. Qg2+ Kh7 39. Rg1 Rg7 40. Qe4+ Kg8 41. Rd8+ Kf7 42. Rxg7+ Kxg7 43. Qg4+ Kh7 44. Qxh4+ Kg6 45. Qg4+ Kh7 46. Qh5+ Kg7 1/2-1/2

[Event "ROM Supercup"]
[Site "Romania"]
[Date "2001.??.??"]
[Round "?"]
[White "Pessi, Emil George"]
[Black "Aldea, Laurentiu Ioan"]
[Result "0-1"]
[WhiteElo "2255"]
[BlackElo "2230"]
[PlyCount "64"]
[EventDate "2001.??.??"]
[EventType "tourn"]
[EventRounds "11"]
[EventCountry "ROU"]
[SourceTitle "EXT 2008"]
[Source "ChessBase"]
[SourceDate "2007.11.25"]
[SourceVersion "1"]
[SourceVersionDate "2007.11.25"]
[SourceQuality "1"]

1. e4 c5 2. b3 d6 3. Bb2 e5 4. f4 exf4 5. Nf3 Nf6 6. Nc3 Be7 7. d4 0-0 8. Bd3 d5 9. 0-0 Nc6 10. Nxd5 Nxd5 11. exd5 Qxd5 12. c4 Qd8 13. d5 Nb4 14. Bb1 Bf6 15. Ne5 Qd6 16. Re1 g6 17. Qf3 Re8 18. Qxf4 Bd7 19. a3 Na6 20. Bd3 Re7 21. Re2 Rae8 22. Rae1 Kg7 23. Qg3 h5 24. Nxd7 Rxe2 25. Bxf6+ Qxf6 26. Nxf6 Rxe1+ 27. Kf2 Kxf6 28. d6 Nb8 29. Qf3+ Kg7 30. Qxb7 Rd1 31. Be4 Rd2+ 32. Kf3 Rd4 0-1